Base-10 Logarithms of Country Populations - Statistics

General Stats
  • This quiz has been taken 2 times
  • The average score is 7 of 20
Answer Stats
Country log10(pop.) % Correct
Turkey 7.9
100%
Mexico 8.1
100%
Egypt 8.1
100%
Russia 8.2
100%
India 9.2
100%
Myanmar 7.7
50%
Japan 8.1
50%
Philippines 8.1
50%
D. R. Congo 8.1
50%
Saudi Arabia 7.5
0%
Uzbekistan 7.6
0%
Malaysia 7.6
0%
Morocco 7.6
0%
Afghanistan 7.6
0%
Uganda 7.7
0%
Algeria 7.7
0%
Spain 7.7
0%
South Korea 7.7
0%
Iran 8.0
0%
Pakistan 8.4
0%
No matching quizzes found
Score Distribution
Percent of People with Each Score
Percentile by Number Answered
Your Score History
You have not taken this quiz